01334nam a2200349 a 450000100060000000300080000600500170001400600190003100700150005000800410006502000180010603500230012403500240014703500250017103500210019604000260021705000250024308000130026808200170028124501300029826001100042830000090053853301640054765000310071165000460074265300260078865500270081470000250084170000370086671000190090385600620092228373FlNmELB20241216220045.0m o d | cr cn|||||||||201009r2006 mx |||||s|||||||||||spa d z9789703236459 a(MiAaPQ)EBC3190878 a(Au-PeEL)EBL3190878 a(CaPaEBR)ebr10418143 a(OCoLC)929293390 aFlNmELBbspacFlNmELB 4aK3611.A77bC386 2006 a575(094)04a344.041922100aCódigo de leyes sobre genéticah[recurso electronico] /cIngrid Brena Sesma, Carlos María Romero Casabona compiladores. aMéxico :bInstituto de Investigaciones Jurídicas, Universidad Nacional Autónoma de México,c2006. a1 v. aRecurso electrónico. Santa Fe, Arg.: e-libro, 2015. Disponible vía World Wide Web. El acceso puede estar limitado para las bibliotecas afiliadas a e-libro. 0aGenéticaxLegislación. 0aGenetic engineeringxLaw and legislation. aGeneticaaLegislacion 4aLibros electrónicos.1 aBrena Sesma, Ingrid.1 aRomero Casabona, Carlos María.2 ae-libro, Corp.40uhttps://elibro.net/ereader/politecnicointernacional/74540